The Wonders of the World - Statistics

General Stats
  • This quiz has been taken 1,171 times
  • The average score is 10 of 21
Answer Stats
Hint Answer % Correct
2) New - China; the world's longest human-made structure. Great Wall of China
83%
7) New - India; spectacular mausoleum. Taj Mahal
73%
1) Natural - USA; created by erosion of the Colorado River. The Grand Canyon
72%
5) New - Peru; ruined city of the Inca civilization. Machu Picchu
70%
5) Natural - North; spectacular show of colors in the sky. Aurora Borealis
67%
3) New - Rome; site of former gladiator competitions. The Colosseum
67%
2) Natural - Australia; composed of and built by biliions of coral polyps. The Great Barrier Reef
64%
1) Ancient - Egypt; built by a pharaoh to serve as his tomb. The Great Pyramid of Giza
60%
1) New - Rio de Janeiro; 105 feet tall statue. Christ the Redeemer
59%
5) Ancient - Iraq; stood on the banks of the Euphrates River; doubt of its real existence. The Hanging Gardens of Babylon
59%
4) Natural - China; highest point on Earth's surface. Mount Everest
58%
2) Ancient - Greece; representation of sun god, Helios. The Colossus of Rhodes
48%
3) Ancient - Egypt; constructed on the island of Pharos; was the worlds tallest structure for many centuries. The Lighthouse of Alexandria
40%
4) Ancient - Greece; massive statue built in honor of the original Olympic games. The Statue of Zeus at Olympia
39%
6) New - Mexico; famous temple city of the Mayas. Chichen Itza
35%
4) New -On the edge of the Arabian Desert; it was the capital of the Nabataean kingdom. Petra, Jordan
34%
7) Natural - Africa; in between the borders of 2 countries; largest based on width and height. Victoria Falls
32%
7) Ancient - Turkey; 120 column design dedicated to a goddess. The Temple of Artemis
29%
6) Ancient - Turkey; tomb that legend says was constructed by a kings grieving wife. The Mausoleum of Halicarnassus
19%
3) Natural - Brazil; the setting and background of another "New Wonder." Harbour of Rio de Janeiro
9%
6) Natural - Mexico; cinder cone; witnessed from birth. Paricutin Volcano
4%
No matching quizzes found
Score Distribution
Percent of People with Each Score
Percentile by Number Answered
Your Score History
You have not taken this quiz